Energy Security Opportunities Arising From SDGS and the Recovery and Resilience Plan

Otázka energetickej sebestačnosti je v súčasnosti kľúčová. Koncept energetickej sebestačnosti úzko súvisí s pojmom energetická bezpečnosť; Napriek tomu existuje veľa definícií pojmu energetická bezpečnosť. Podstatou všetkých je, aby si krajina zabezpečila dostatok energetických zdrojov na pokrytie s...

Descrizione completa

Salvato in:
Dettagli Bibliografici
Autore principale: Kazimírová, Lenka
Altri autori: Čiderová, Denisa, 1977-, Sakáčová, Simona, Čerňák, Jozef, 1963-
Natura: Capitolo di libro
Lingua:inglese
Soggetti:
Tags: Aggiungi Tag
Nessun Tag, puoi essere il primo ad aggiungerne!!

MARC

LEADER 00000naa$a2200000$$$4500
001 0302791
005 20240624092847.9
041 0 |a eng 
044 |a BG 
245 1 0 |a Energy Security Opportunities Arising From SDGS and the Recovery and Resilience Plan  |c Lenka Kazimírová, Denisa Čiderová, Simona Sakáčová, Jozef Čerňák 
520 |a Otázka energetickej sebestačnosti je v súčasnosti kľúčová. Koncept energetickej sebestačnosti úzko súvisí s pojmom energetická bezpečnosť; Napriek tomu existuje veľa definícií pojmu energetická bezpečnosť. Podstatou všetkých je, aby si krajina zabezpečila dostatok energetických zdrojov na pokrytie svojich potrieb. Ak si krajina dokáže zabezpečiť tieto zdroje sama bez závislosti od dovozu z iných krajín, hovoríme o energetickej sebestačnosti. 
610 2 0 |a energia 
610 2 0 |a bezpečnosť energetická 
610 2 0 |a rozvoj trvalo udržateľný 
610 2 0 |a Vyšehradská štvorka 
100 1 |a Kazimírová, Lenka 
700 1 |a Čiderová, Denisa, 1977- 
700 1 |a Sakáčová, Simona 
700 1 |a Čerňák, Jozef, 1963-